[Event "Lipetsk Region-ch Seniors"]
[Site "Lipetsk"]
[Date "2010.03.05"]
[Round "1"]
[White "Malikov, Alexey"]
[Black "Osipov, Alexander1"]
[Result "0-1"]
[WhiteElo "1644"]
[BlackElo "1932"]
[PlyCount "60"]
[EventDate "2010.03.05"]
[EventType "swiss"]
[EventRounds "9"]
[EventCountry "RUS"]
[SourceTitle "EXT 2023"]
[Source "ChessBase"]
[SourceDate "2022.10.05"]
[SourceVersion "1"]
[SourceVersionDate "2022.10.05"]
[SourceQuality "1"]

1. e4 c5 2. Nc3 Nc6 3. Nf3 d6 4. Bb5 Bd7 5. d3 g6 6. h3 Bg7 7. Bd2 Nf6 8. 0-0 0-0 9. Nh2 a6 10. Bxc6 Bxc6 11. f4 b5 12. Ne2 e5 13. f5 Ne8 14. Ng4 d5 15. Ng3 dxe4 16. dxe4 Qh4 17. Kh2 h5 18. Qc1 hxg4 19. Bg5 Qh7 20. f6 Bh8 21. Bh6 Nxf6 22. Qg5 Rfe8 23. Rfe1 Ra7 24. h4 Re6 25. h5 Bg7 26. Bxg7 Qxg7 27. h6 Qh8 28. Rad1 Kh7 29. Qe3 Qf8 30. Kg1 Rd7 0-1

[Event "Lipetsk Region-ch Seniors"]
[Site "Lipetsk"]
[Date "2009.03.10"]
[Round "3"]
[White "Afanasiev, Viktor"]
[Black "Malikov, Alexey"]
[Result "1-0"]
[WhiteElo "1913"]
[BlackElo "1646"]
[PlyCount "91"]
[EventDate "2009.03.08"]
[EventType "swiss"]
[EventRounds "9"]
[EventCountry "RUS"]
[SourceTitle "EXT 2022"]
[Source "ChessBase"]
[SourceDate "2021.10.06"]
[SourceVersion "1"]
[SourceVersionDate "2021.10.06"]
[SourceQuality "1"]

1. e4 e6 2. d4 b6 3. f4 Bb7 4. Bd3 Nf6 5. Qe2 Nc6 6. c3 d6 7. Nf3 h6 8. b4 a5 9. b5 Ne7 10. a4 Nh7 11. e5 g6 12. h4 Nf5 13. Bxf5 gxf5 14. Ba3 Rg8 15. Nbd2 Be7 16. Nc4 Be4 17. Kd2 Rb8 18. Rh3 Qd7 19. g3 d5 20. Ne3 Bxa3 21. Rxa3 Rc8 22. Ne1 c5 23. bxc6 Qe7 24. Rb3 Rxc6 25. Qb5 Qc7 26. Nd3 Ke7 27. Nf2 Rc8 28. Nxe4 fxe4 29. Nd1 h5 30. f5 Qd7 31. f6+ Kd8 32. Qe2 Rc4 33. Qxh5 Nf8 34. Rxb6 Ng6 35. Rd6 Rxa4 36. Qh7 Qxd6 37. exd6 Ra2+ 38. Ke3 Kd7 39. Qxf7+ Kxd6 40. Qxg6 Rb8 41. Qf7 Rb1 42. Qe7+ Kc6 43. Qxe6+ Kc7 44. Qxd5 Raa1 45. Rh1 a4 46. f7 1-0

[Event "Lipetsk Region-ch Seniors"]
[Site "Lipetsk"]
[Date "2009.03.09"]
[Round "2"]
[White "Malikov, Alexey"]
[Black "Vikhirev, Boris"]
[Result "1-0"]
[WhiteElo "1646"]
[BlackElo "1880"]
[PlyCount "55"]
[EventDate "2009.03.08"]
[EventType "swiss"]
[EventRounds "9"]
[EventCountry "RUS"]
[SourceTitle "EXT 2022"]
[Source "ChessBase"]
[SourceDate "2021.10.06"]
[SourceVersion "1"]
[SourceVersionDate "2021.10.06"]
[SourceQuality "1"]

1. e4 g6 2. d4 Bg7 3. Nf3 d6 4. Nc3 Nf6 5. h3 0-0 6. Bd3 Nbd7 7. Be3 c5 8. 0-0 cxd4 9. Nxd4 Nc5 10. Qd2 a6 11. f4 b5 12. b4 Nxd3 13. cxd3 Bb7 14. f5 Rc8 15. Nce2 Nd7 16. Rac1 Ne5 17. Bg5 Qd7 18. f6 exf6 19. Bxf6 Rxc1 20. Qxc1 Nxd3 21. Qe3 Bxf6 22. Rxf6 Qe7 23. Rf3 Bxe4 24. Ng3 d5 25. Ngf5 Qe5 26. Nh6+ Kg7 27. Ng4 Qc7 28. Qh6+ 1-0